00792nam a22001697a 4500003000900000005001700009008004100026040001300067100004300080245007900123260003800202300001800240500023300258942001200491999001900503952010000522IT-RoPau20220918181220.0140523b xxu||||| |||| 00| 0 eng d cIT-RoPau aPie Discepole del Divin Maestro926301 aEucarestia Sacerdozio LiturgiabL'unità come misura mistica del servizio aRomabCasa Generalizia PDDMc1988 a26 pp.c21 cm aAd uso manoscritto Eucarestia Sacerdozio Liturgia. L'unità come mistica del servizio Pie Discepole del Divin Maestro Seminario internazionale sull'unità delle tre dimensioni apostoliche. Camaldoli 22 febbraio - 5 marzo 1988 2ddccBK c104391d104391 00102ddc406P_D671aPAULUSbPAULUSd2014-05-23l0oP D6r2014-05-23 00:00:00w2014-05-23yBK